Normal view
MARC view
Entry Topical Term
001 - CONTROL NUMBER
- control field: 13484
003 - CONTROL NUMBER IDENTIFIER
- control field: ARRUPE
005 - DATE AND TIME OF LATEST TRANSACTION
- control field: 20141219133357.0
008 - FIXED-LENGTH DATA ELEMENTS
- fixed length control field: 141219|| aca||aabn | a|a d
040 ## - CATALOGING SOURCE
- Original cataloging agency: ARRUPE
- Transcribing agency: ARRUPE
150 ## - HEADING--TOPICAL TERM
- Topical term or geographic name as entry element: Rhodesia and Nyasaland
- General subdivision: Politics
670 ## - SOURCE DATA FOUND
- Source citation: Work cat.: (ARRUPE)121480: Nkrumah, Kwame, 1909-1972. 13347, Africa's liberation and unity, 1962.